000 00669nam a22002297a 4500
003 dpl
005 20180601144634.0
008 180601b xxu||||| |||| 00| 0 eng d
010 _aA-722217
020 _a8185004153
_c695.00
035 _aA-722217
037 _bBPPD/PUB
040 _c0
082 1 4 _a363.11
100 1 _aHommadi, A. H
245 1 _aEnvironmental and industrial safety/
_cby A. H. Hommadi
260 _aNew Delhi
_bIndian Bibliographies Bureau
_c1989
270 _a2153/2 Fountain
_bNew Delhi
_e110006
300 _aix, 400 p.
_c21cm. (Hb.)
500 _aIncludes index
942 _adpl
_cEN
_k363.11 / HOM
_2ddc
_h363.11
_mHOM
999 _c152494
_d152494